000 004750000a22001930004500
003 LK-CoMWRAF
005 20231103135633.0
008 230817t ||||| |||| 00| 0 eng d
020 _a8172241674
040 _aLK-CoMWRAF
_dLK-CoMWRAF
_eLK-CoMWRAF
041 _aeng
082 _a823
_bMAR
100 _aMarkandaya, Kamala
245 _aNectar in a sieve
260 _aIndia (Bombay) :
_bJaico books,
_c1956
300 _a188p
650 _aEnglish Fiction
942 _cBK
999 _c1719
_d1719